Leopard Diaries: (Record no. 185820)

MARC details
000 -LEADER
fixed length control field 00607nam a22001817a 4500
005 - DATE AND TIME OF LATEST TRANSACTION
control field 20220210115401.0
010 ## - LCCN (DPL NO)
LC control number ENG-131496
020 ## - INTERNATIONAL STANDARD BOOK NUMBER
International Standard Book Number 9789389152654
Terms of availability 599.00
035 ## - SYSTEM CONTROL NUMBER
System control number EN-115028
037 ## - SOURCE OF ACQUISITION
Source of stock number/acquisition DBAD
082 ## - DEWEY DECIMAL CLASSIFICATION NUMBER
Classification number 599.75
100 ## - MAIN ENTRY--PERSONAL NAME
Personal name Gubbi, Sanjay
245 ## - TITLE STATEMENT
Title Leopard Diaries:
Remainder of title The Rosette In India/
Statement of responsibility, etc Sanjay Gubbi
260 ## - PUBLICATION, DISTRIBUTION, ETC. (IMPRINT)
Place of publication, distribution, etc Chennai
Name of publisher, distributor, etc Westland Publication Private Limited
Date of publication, distribution, etc 2021
270 ## - ADDRESS
Address 1st Floor, A Block, East Wing, Plot No. 40 SP infocity, Dr. MGR Salai, Pergudi, Kandanchavadi
City Chennai
Postal code 600096
300 ## - PHYSICAL DESCRIPTION
Extent 239p.
Dimensions 22cm(pbk)
942 ## - ADDED ENTRY ELEMENTS (KOHA)
Source of classification or shelving scheme Dewey Decimal Classification
Item type English Books
Classification part 599.75
Call number suffix GUB
Holdings
Withdrawn status Lost status Not for loan Collection code Home library Current library Date acquired Source of acquisition Cost, normal purchase price Full call number Barcode Copy number Cost, replacement price Koha item type
      Non-fiction Bawana Bawana 10/02/2022 DBAD/PUB 599.00 599.75 GUB EN-115028 1 599.00 English Books

© Delhi Public Library
Hit Counter
free hit counter